LEADER 01291nam a2200229 i 4500 001 000000071420 003 CaOOAMICUS 005 20130627000000.0 008 130627s1852 it u000 u ita u 013 $a42592 040 $aSeMil$bita 100 1 $aBertazzi, Girolamo .$0(OLS)http://semarc/name/35490 245 10$aOsservazioni ad un discorso in cui si ragiona per cenni di taluna delle dottrine di San-Simon intorno all'indole de' principii giuridici, al diritto di proprietà, ai suoi limiti, e ai modi onde voleasi da quel filosofo esercitato :$bLettere tre /$cdi G. B. A. 260 $a[Venezia :$bTip. Perini,$c1852] 300 $a127 p. ;$c22 cm. 500 $aInformazioni di edizione dal secondo piatto della coperta editoriale. 850 $aSeMil 852 $aSeMil$W1$xVenegono$y1$m2P IV 114 FA$j37573$B37573$CSeMilBibl$Z2$F37576 $8I 941 1 $a10 961 $aRecupero: Mantegazza 996 $6245$aOsservazioni ad un discorso in cui si ragiona per cenni di taluna delle dottrine di San-Simon intorno all'indole de' principii giuridici, al diritto di proprietà, ai suoi limiti, e ai modi onde voleasi da quel filosofo esercitato :$bLettere tre$9(OLS)http://semarc/title/114840 996 $6260$a[Venezia :$bTip. Perini$9(OLS)http://semarc/publisher/42951 LEADER 01023nam a2200205 i 4500 001 000000005348 003 CaOOAMICUS 005 20260213103055.0 008 180830s17801782sz u000 u fre u 040 $aSeMil$bita 245 10$aRecueil de planches, pour la nouvelle édition du Dictionnaire raisonne des sciences, des arts et des métiers, avec leur explication. Tome 1 [-3.]. 260 $aA Lausanne et a Berne :$bChez les Sociétés typographiques,$c1780-1782. 300 $a3 v. ;$c4°. 650 4$aScienze - Opere anteriori al 1900.$0(OLS)http://semarc/subject/49099 774 0 $tTome 1.$g1$w()109688 774 0 $tTome 2.$g2$w()255201 774 0 $tTome 3.$g3$w()255200 996 $6245$aRecueil de planches, pour la nouvelle édition du Dictionnaire raisonne des sciences, des arts et des métiers, avec leur explication. Tome 1 [-3.]$9(OLS)http://semarc/title/36805 996 $6260$aA Lausanne et a Berne :$bChez les Sociétés typographiques$9(OLS)http://semarc/publisher/55732